Album by Cover #1 - Statistics

General Stats
  • This quiz has been taken 39 times
    4 since last reset
  • The average score is 14 of 32
Answer Stats
Picture Answer % Correct
AM
100%
Brothers in Arms
100%
Dark Side of the Moon
100%
London Calling
100%
Nevermind
100%
Rumours
100%
American Idiot
67%
Animals
67%
Bat out of Hell
67%
Born in the U.S.A.
67%
L.A. Woman
67%
Led Zeppelin II
67%
Metallica
67%
These Days
67%
Ziggy Stardust
67%
A Momentary Lapse of Reason
33%
Atom Heart Mother
33%
Grace
33%
Hysteria
33%
The Division Bell
33%
Toys in the Attic
33%
Use your Illusion I
33%
52nd Street
0%
August
0%
Dizzy up the Girl
0%
Escape
0%
Get a Grip
0%
Glass Houses
0%
Layla and other assorted love songs
0%
On Every Street
0%
Reckless
0%
Three Imaginary Boys
0%
No matching quizzes found
Score Distribution
Percent of People with Each Score
Percentile by Number Answered
Your Score History
You have not taken this quiz since the last reset